[Event "CZE-ch 2020"]
[Site "Pilsen"]
[Date "2020.08.24"]
[Round "2.23"]
[White "Mladek, Richard"]
[Black "Flajsman, Pavel"]
[Result "1/2-1/2"]
[WhiteElo "2280"]
[BlackElo "2184"]
[Annotator "TA"]
[PlyCount "100"]
[EventDate "2020.08.23"]
[EventType "swiss"]
[EventCountry "CZE"]
[SourceTitle "playchess.com"]
[Source "ChessBase"]
[SourceQuality "1"]

{[%evp 23,100,0,4,-21,-15,-41,-41,-54,-50,-47,-31,-29,-28,-28,-35,-33,-36,-28,-28,-37,-37,-31,-27,-21,-27,-35,-25,-23,-28,-35,-32,-39,-27,-57,-58,-56,-52,-52,-41,-90,-51,-97,-54,-54,-53,-60,-44,-47,0,-16,9,17,17,0,0,0,0,0,0,-5,0,0,0,-16,0,0,0,0,0,0,0,0,0,0,0,0,0,0,0]} 1. e4 c5 2. Nf3 Nc6 3. d4 cxd4 4. Nxd4 Nf6 5. Nc3 d6 6. f3 e5 7. Nb3 Be6 8. Be3 Be7 9. Be2 O-O 10. O-O d5 11. exd5 Nxd5 12. Nxd5 Bxd5 13. Qe1 {Threatening Rd1. B59: Classical Sicilian: 6 Be2 e5 7 Nb3.} Qc7 14. c4 Be6 15. Qf2 {[#] Black is slightly better.} Rfd8 $146 ({Predecessor:} 15... Na5 16. Nxa5 Qxa5 17. a3 Rfc8 18. b4 Qa4 19. c5 a5 20. b5 Bc4 21. Bxc4 Qxc4 22. Rfc1 Qxb5 23. Rab1 Qd7 24. Qb2 Rc7 25. Qxe5 Bf6 26. Qd6 {½-½ (26) Georges,E-Grumer,E Valetta 1980}) 16. Rfd1 Rxd1+ 17. Rxd1 b6 18. f4 Rd8 19. Rxd8+ Nxd8 20. Nd2 exf4 21. Qxf4 Bd6 22. Qh4 Bf5 23. Nf3 Ne6 24. Nd4 Nxd4 25. Bxd4 h6 26. a3 Be6 27. Be3 Bc5 28. Qe4 {[#]} Bxc4 $1 {[%mdl 512]} 29. Bxc4 {Strongly threatening Bxc5.} Bxe3+ 30. Kh1 {Qe8+ is the strong threat.} Bc5 31. h4 Qd8 32. Bd3 f5 33. Qc4+ Kh8 34. b4 Bd4 {[%cal Rd8h4] [#]} 35. g3 g6 36. Qf7 {The position is equal.} Bg7 37. h5 Qf6 38. Qe8+ Bf8 39. hxg6 Kg7 40. Qd7+ Kxg6 41. Kg2 ({Much weaker is} 41. Qxa7 Qc6+ 42. Kg1 Qd6 $17) 41... Qf7 42. Qd4 h5 43. Kh3 Bg7 44. Qd6+ Qf6 45. Qd7 Qg5 46. Qe8+ Kh6 47. Qe6+ Qg6 48. Qe3+ Qg5 49. Qe6+ Qg6 50. Qe3+ Qg5 {Accuracy: White = 84%, Black = 87%.} 1/2-1/2

[Event "CZE-ch 2020"]
[Site "Pilsen"]
[Date "2020.08.24"]
[Round "2.24"]
[White "Laurincova, Kristyna"]
[Black "Vorisek, Jaroslav"]
[Result "0-1"]
[WhiteElo "2008"]
[BlackElo "2279"]
[Annotator "ChessBase"]
[PlyCount "84"]
[EventDate "2020.08.23"]
[EventType "swiss"]
[EventCountry "CZE"]
[SourceTitle "playchess.com"]
[Source "ChessBase"]
[SourceQuality "1"]
[TimeControl "40/5400+30:1800+30"]

1. e4 {[%emt 0:00:00]} e5 {[%emt 0:00:00]} 2. Nf3 {[%emt 0:00:00]} Nc6 {[%emt 0:00:00]} 3. Bb5 {[%emt 0:00:00]} Nge7 {[%emt 0:00:39]} 4. c3 {[%emt 0:01:00]} g6 {[%emt 0:02:38]} 5. O-O {[%emt 0:01:15]} Bg7 {[%emt 0:00:09]} 6. d4 {[%emt 0:01:12]} exd4 {[%emt 0:00:33]} 7. cxd4 {[%emt 0:00:06]} a6 {[%emt 0:00:21]} 8. Ba4 {[%emt 0:01:46]} b5 {[%emt 0:02:29]} 9. Bc2 {[%emt 0:01:37]} d6 {[%emt 0:01:18]} 10. h3 {[%emt 0:02:20]} O-O {[%emt 0:03:44]} 11. Nc3 {[%emt 0:01:33]} Na5 {[%emt 0:07:26]} 12. Bf4 {[%emt 0:12:28]} Bb7 {[%emt 0:03:18]} 13. Qd3 {[%emt 0:22:09]} Rc8 {[%emt 0:06:32]} 14. Rfd1 {[%emt 0:10:21]} Nc4 {[%emt 0:04:18]} 15. Rab1 {[%emt 0:12:43]} c5 {[%emt 0:03:08]} 16. d5 {[%emt 0:11:22]} Qa5 {[%emt 0:06:48]} 17. Na4 {[%emt 0:05:14]} Rfd8 {[%emt 0:07:07]} 18. Bxd6 {[%emt 0:12:49]} Rxd6 {[%emt 0:17:56]} 19. Nxc5 {[%emt 0:00:02]} Rxc5 {[%emt 0:01:03]} 20. b4 {[%emt 0:00:01]} Rcxd5 {[%emt 0:00:19]} 21. bxa5 {[%emt 0:01:42]} Rxd3 {[%emt 0:00:09]} 22. Rxd3 {[%emt 0:00:23]} Rxd3 {[%emt 0:01:47]} 23. Bxd3 {[%emt 0:00:01]} Nb2 {[%emt 0:01:10]} 24. Bc2 {[%emt 0:00:40]} Nc6 {[%emt 0:01:52]} 25. Nd2 {[%emt 0:01:14]} Nxa5 {[%emt 0:04:49]} 26. Kf1 {[%emt 0:00:29]} Kf8 {[%emt 0:00:29]} 27. Ke2 {[%emt 0:00:24]} Nbc4 {[%emt 0:07:33]} 28. Nxc4 {[%emt 0:00:35]} Nxc4 {[%emt 0:00:05]} 29. Bd3 {[%emt 0:00:28]} Nd6 {[%emt 0:03:10]} 30. f3 {[%emt 0:00:27]} Bc3 {[%emt 0:04:35]} 31. Rc1 {[%emt 0:00:33]} b4 {[%emt 0:00:25]} 32. Ke3 {[%emt 0:00:31]} Ke7 {[%emt 0:01:39]} 33. Be2 {[%emt 0:00:15]} a5 {[%emt 0:00:54]} 34. Rd1 {[%emt 0:00:45]} g5 {[%emt 0:02:51]} 35. Bd3 {[%emt 0:00:31]} Bc8 {[%emt 0:01:11]} 36. Kf2 {[%emt 0:00:32]} Be6 {[%emt 0:01:08]} 37. Bb1 {[%emt 0:00:24]} Nc4 {[%emt 0:00:53]} 38. Bc2 {[%emt 0:00:36]} Nb2 {[%emt 0:00:54]} 39. Rh1 {[%emt 0:00:30]} Bxa2 {[%emt 0:00:34]} 40. Ke3 {[%emt 0:00:30]} Nc4+ {[%emt 0:01:15]} 41. Kd3 {[%emt 0:30:12]} Na3 {[%emt 0:30:15]} 42. Rd1 {[%emt 0:00:00]} Bc4+ {[%emt 0:00:00]} 0-1

[Event "CZE-ch 2020"]
[Site "Pilsen"]
[Date "2020.08.24"]
[Round "2.25"]
[White "Nemcova, Karin"]
[Black "Gloser, David"]
[Result "0-1"]
[WhiteElo "1983"]
[BlackElo "2248"]
[Annotator "ChessBase"]
[PlyCount "52"]
[EventDate "2020.08.23"]
[EventType "swiss"]
[EventCountry "CZE"]
[SourceTitle "playchess.com"]
[Source "ChessBase"]
[SourceQuality "1"]
[TimeControl "40/5400+30:1800+30"]

1. e4 {[%emt 0:00:00]} c5 {[%emt 0:00:00]} 2. Nf3 {[%emt 0:00:00]} d6 {[%emt 0:00:00]} 3. d4 {[%emt 0:00:00]} cxd4 {[%emt 0:00:00]} 4. Nxd4 {[%emt 0:00:00]} Nf6 {[%emt 0:00:00]} 5. Nc3 {[%emt 0:00:00]} g6 {[%emt 0:00:06]} 6. Be3 {[%emt 0:00:20]} Bg7 {[%emt 0:00:12]} 7. Bc4 {[%emt 0:00:19]} Nc6 {[%emt 0:00:37]} 8. f3 {[%emt 0:04:12]} O-O {[%emt 0:00:22]} 9. Qd2 {[%emt 0:00:12]} Bd7 {[%emt 0:00:27]} 10. O-O-O {[%emt 0:00:20]} Qb8 {[%emt 0:00:22]} 11. Bb3 {[%emt 0:03:52]} a5 {[%emt 0:00:14]} 12. Ndb5 {[%emt 0:02:27]} a4 {[%emt 0:00:23]} 13. Nxa4 {[%emt 0:04:01]} Na5 {[%emt 0:03:49]} 14. Qb4 {[%emt 0:02:26]} Nxb3+ {[%emt 0:10:32]} 15. axb3 {[%emt 0:04:54]} Ra6 {[%emt 0:07:02]} 16. g4 {[%emt 0:09:02]} Be6 {[%emt 0:15:13]} 17. h4 {[%emt 0:10:58]} Nd7 {[%emt 0:07:42]} 18. g5 {[%emt 0:04:28]} Ne5 {[%emt 0:08:41]} 19. f4 {[%emt 0:02:16]} Nc6 {[%emt 0:01:14]} 20. Qd2 {[%emt 0:00:27]} Rc8 {[%emt 0:01:47]} 21. Kb1 {[%emt 0:06:52]} Qa8 {[%emt 0:03:42]} 22. Bb6 {[%emt 0:13:09]} Rxa4 {[%emt 0:05:38]} 23. bxa4 {[%emt 0:00:26]} Qxa4 {[%emt 0:00:31]} 24. Na3 {[%emt 0:05:17]} Nb4 {[%emt 0:05:36]} 25. c4 {[%emt 0:13:26]} Qb3 {[%emt 0:03:41]} 26. Kc1 {[%emt 0:08:18]} Bxc4 {[%emt 0:02:11]} 0-1

[Event "CZE-ch 2020"]
[Site "Pilsen"]
[Date "2020.08.24"]
[Round "2.26"]
[White "Vojta, Jakub"]
[Black "Nemec, Pavel"]
[Result "1/2-1/2"]
[WhiteElo "2093"]
[BlackElo "2243"]
[Annotator "ChessBase"]
[PlyCount "80"]
[EventDate "2020.08.23"]
[EventType "swiss"]
[EventCountry "CZE"]
[SourceTitle "playchess.com"]
[Source "ChessBase"]
[SourceQuality "1"]
[TimeControl "40/5400+30:1800+30"]

1. e4 {[%emt 0:00:00]} c5 {[%emt 0:00:00]} 2. Nf3 {[%emt 0:00:00]} d6 {[%emt 0:00:00]} 3. d4 {[%emt 0:00:00]} cxd4 {[%emt 0:00:00]} 4. Nxd4 {[%emt 0:00:00]} Nf6 {[%emt 0:00:03]} 5. f3 {[%emt 0:00:08]} Nc6 {[%emt 0:00:09]} 6. c4 {[%emt 0:02:08]} e6 {[%emt 0:00:16]} 7. Nc3 {[%emt 0:00:11]} Be7 {[%emt 0:00:12]} 8. Be3 {[%emt 0:00:04]} O-O {[%emt 0:00:14]} 9. Be2 {[%emt 0:00:16]} d5 {[%emt 0:00:16]} 10. Nxc6 {[%emt 0:00:09]} bxc6 {[%emt 0:00:05]} 11. O-O {[%emt 0:00:08]} dxe4 {[%emt 0:02:30]} 12. fxe4 {[%emt 0:00:08]} e5 {[%emt 0:00:35]} 13. Kh1 {[%emt 0:01:56]} Qxd1 {[%emt 0:02:30]} 14. Rfxd1 {[%emt 0:04:30]} Be6 {[%emt 0:00:47]} 15. Rac1 {[%emt 0:09:47]} Bb4 {[%emt 0:10:15]} 16. b3 {[%emt 0:08:12]} Rfd8 {[%emt 0:03:30]} 17. Bf3 {[%emt 0:06:40]} Rxd1+ {[%emt 0:01:11]} 18. Nxd1 {[%emt 0:00:10]} a5 {[%emt 0:01:01]} 19. Nc3 {[%emt 0:03:02]} Rd8 {[%emt 0:00:20]} 20. Rd1 {[%emt 0:00:44]} Rxd1+ {[%emt 0:01:01]} 21. Nxd1 {[%emt 0:00:06]} Nd7 {[%emt 0:05:04]} 22. Nf2 {[%emt 0:06:44]} Bc5 {[%emt 0:10:28]} 23. Bxc5 {[%emt 0:02:54]} Nxc5 {[%emt 0:00:02]} 24. Bd1 {[%emt 0:00:15]} Nd7 {[%emt 0:08:17]} 25. Bc2 {[%emt 0:02:06]} Kf8 {[%emt 0:01:00]} 26. Kg1 {[%emt 0:01:09]} Ke7 {[%emt 0:00:21]} 27. Nd3 {[%emt 0:00:35]} c5 {[%emt 0:00:12]} 28. Nb2 {[%emt 0:02:43]} g6 {[%emt 0:03:31]} 29. Nd1 {[%emt 0:03:42]} f5 {[%emt 0:12:14]} 30. Ne3 {[%emt 0:03:30]} f4 {[%emt 0:00:10]} 31. Nd5+ {[%emt 0:01:21]} Kd6 {[%emt 0:01:58]} 32. Kf2 {[%emt 0:01:05]} Nb8 {[%emt 0:00:35]} 33. Bd1 {[%emt 0:05:20]} Nc6 {[%emt 0:00:25]} 34. g3 {[%emt 0:03:22]} g5 {[%emt 0:02:15]} 35. h4 {[%emt 0:01:35]} h6 {[%emt 0:01:09]} 36. hxg5 {[%emt 0:01:24]} hxg5 {[%emt 0:00:02]} 37. g4 {[%emt 0:02:48]} Nd4 {[%emt 0:03:57]} 38. Nf6 {[%emt 0:01:16]} Bd7 {[%emt 0:00:46]} 39. Nxd7 {[%emt 0:01:45]} Kxd7 {[%emt 0:00:02]} 40. a4 {[%emt 0:00:23]} Kd6 {[%emt 0:02:32]} 1/2-1/2

[Event "CZE-ch 2020"]
[Site "Pilsen"]
[Date "2020.08.24"]
[Round "2.27"]
[White "Bartos, Jan"]
[Black "Riha, Vojtech"]
[Result "1-0"]
[WhiteElo "2131"]
[BlackElo "2270"]
[Annotator "ChessBase"]
[PlyCount "81"]
[EventDate "2020.08.23"]
[EventType "swiss"]
[EventCountry "CZE"]
[SourceTitle "playchess.com"]
[Source "ChessBase"]
[SourceQuality "1"]
[TimeControl "40/5400+30:1800+30"]

1. d4 {[%emt 0:00:00]} Nf6 {[%emt 0:00:00]} 2. Nf3 {[%emt 0:00:00]} g6 {[%emt 0:00:06]} 3. c4 {[%emt 0:00:00]} Bg7 {[%emt 0:00:20]} 4. Nc3 {[%emt 0:00:00]} d6 {[%emt 0:00:45]} 5. e4 {[%emt 0:00:03]} O-O {[%emt 0:00:26]} 6. Be2 {[%emt 0:00:04]} e5 {[%emt 0:00:12]} 7. O-O {[%emt 0:00:11]} Nc6 {[%emt 0:02:48]} 8. dxe5 dxe5 {[%emt 0:01:42]} 9. Bg5 {[%emt 0:00:34]} Qe8 {[%emt 0:09:06]} 10. Nd5 {[%emt 0:04:59]} Nxd5 {[%emt 0:02:26]} 11. cxd5 {[%emt 0:00:07]} Nd4 {[%emt 0:07:04]} 12. Rc1 {[%emt 0:06:17]} c6 {[%emt 0:06:23]} 13. dxc6 {[%emt 0:02:13]} Nxc6 {[%emt 0:09:24]} 14. Be3 {[%emt 0:06:41]} Qe6 {[%emt 0:19:42]} 15. Bc4 {[%emt 0:02:53]} Qd7 {[%emt 0:07:36]} 16. Bc5 {[%emt 0:13:34]} Re8 {[%emt 0:06:53]} 17. Ng5 {[%emt 0:06:04]} Nd8 {[%emt 0:05:24]} 18. Qb3 {[%emt 0:11:51]} h6 {[%emt 0:05:18]} 19. Rfd1 {[%emt 0:01:29]} hxg5 {[%emt 0:00:28]} 20. Rxd7 {[%emt 0:00:07]} Bxd7 {[%emt 0:00:04]} 21. Rd1 {[%emt 0:15:32]} Be6 {[%emt 0:06:11]} 22. Qb5 {[%emt 0:01:25]} Nc6 {[%emt 0:01:54]} 23. Bxe6 {[%emt 0:00:58]} Rxe6 {[%emt 0:00:33]} 24. Qxb7 {[%emt 0:02:25]} Rb8 {[%emt 0:02:08]} 25. Qxb8+ {[%emt 0:01:49]} Nxb8 {[%emt 0:00:06]} 26. Rd8+ {[%emt 0:00:03]} Kh7 {[%emt 0:00:10]} 27. Rxb8 {[%emt 0:00:05]} Rc6 {[%emt 0:04:11]} 28. b4 {[%emt 0:01:13]} g4 {[%emt 0:00:54]} 29. Kf1 {[%emt 0:01:33]} Ra6 {[%emt 0:01:27]} 30. Rb7 {[%emt 0:00:27]} Rxa2 {[%emt 0:00:32]} 31. Rxa7 {[%emt 0:00:08]} Rb2 {[%emt 0:00:31]} 32. Rxf7 {[%emt 0:02:23]} Kg8 {[%emt 0:00:22]} 33. Rb7 {[%emt 0:01:06]} Bh6 {[%emt 0:00:29]} 34. b5 {[%emt 0:01:55]} Rc2 {[%emt 0:00:26]} 35. Rc7 {[%emt 0:01:36]} Bf8 {[%emt 0:00:50]} 36. Bd6 {[%emt 0:00:16]} Rd2 {[%emt 0:00:32]} 37. Bxf8 {[%emt 0:00:29]} Kxf8 {[%emt 0:00:06]} 38. b6 {[%emt 0:00:06]} Rb2 {[%emt 0:00:37]} 39. b7 {[%emt 0:00:08]} Rb1+ {[%emt 0:00:24]} 40. Ke2 {[%emt 0:00:07]} Rb2+ {[%emt 0:00:07]} 41. Kd3 {[%emt 0:30:10]} 1-0

[Event "CZE-ch 2020"]
[Site "Pilsen"]
[Date "2020.08.24"]
[Round "2.28"]
[White "Toman, Ondrej"]
[Black "Folk, Petr"]
[Result "1/2-1/2"]
[WhiteElo "2233"]
[BlackElo "2122"]
[Annotator "RC"]
[PlyCount "97"]
[EventDate "2020.08.23"]
[EventType "swiss"]
[EventCountry "CZE"]
[SourceTitle "playchess.com"]
[Source "ChessBase"]
[SourceQuality "1"]
[TimeControl "40/5400+30:1800+30"]

1. d4 {[%emt 0:00:00]} Nf6 {[%emt 0:00:00]} 2. Bg5 {[%emt 0:00:00]} e6 {[%emt 0:00:20]} 3. e4 {[%emt 0:00:00]} h6 {[%emt 0:00:10]} 4. Bxf6 {[%emt 0:00:00]} Qxf6 {[%emt 0:00:02]} 5. Nc3 {[%emt 0:00:17]} d6 {[%emt 0:01:03]} 6. Nf3 {[%emt 0:01:44]} g5 {[%emt 0:02:05]} 7. e5 {[%emt 0:07:35]} Qe7 {[%emt 0:01:06]} 8. Bb5+ {[%emt 0:02:46]} Bd7 {[%emt 0:08:42]} 9. Qe2 {[%emt 0:04:10]} Bg7 {[%emt 0:04:57]} 10. O-O-O {[%emt 0:06:34]} a6 {[%emt 0:06:09]} 11. Bxd7+ {[%emt 0:09:30]} Nxd7 {[%emt 0:00:28]} 12. exd6 {[%emt 0:03:22]} cxd6 {[%emt 0:09:36]} 13. Rd3 {[%emt 0:09:24]} Nb6 {[%emt 0:05:46]} 14. h4 {[%emt 0:03:37]} O-O-O {[%emt 0:04:24]} 15. a4 {[%emt 0:05:36]} Qd7 {[%emt 0:10:38]} 16. b3 {[%emt 0:02:30]} g4 {[%emt 0:05:05]} 17. Nd2 {[%emt 0:02:20]} h5 {[%emt 0:01:05]} 18. a5 {[%emt 0:03:51]} Nd5 {[%emt 0:00:53]} 19. Nxd5 {[%emt 0:00:27]} exd5 {[%emt 0:00:02]} 20. Re1 {[%emt 0:07:48]} Bf6 {[%emt 0:01:24]} 21. g3 {[%emt 0:01:13]} Kb8 {[%emt 0:01:14]} 22. Nb1 {[%emt 0:06:33]} Rc8 {[%emt 0:02:22]} 23. Qd2 {[%emt 0:02:17]} Bg7 {[%emt 0:02:00]} 24. Kb2 {[%emt 0:01:46]} Bh6 {[%emt 0:04:46]} 25. Qb4 {[%emt 0:00:58]} Rhe8 {[%emt 0:04:28]} 26. Rdd1 {[%emt 0:07:55]} Qc6 {[%emt 0:03:24]} 27. Na3 {[%emt 0:02:39]} f5 {[%emt 0:02:47]} 28. Rxe8 {[%emt 0:01:18]} Rxe8 {[%emt 0:00:09]} 29. Re1 {[%emt 0:00:50]} Re4 {[%emt 0:00:51]} 30. Rxe4 {[%emt 0:01:34]} fxe4 {[%emt 0:01:29]} 31. Qe1 {[%emt 0:01:22]} Qe8 {[%emt 0:06:30]} 32. Nb1 {[%emt 0:02:08]} Qb5 {[%emt 0:02:24]} 33. Na3 {[%emt 0:01:38]} Qe8 {[%emt 0:00:31]} 34. c3 {[%emt 0:01:46]} e3 {[%emt 0:03:00]} 35. fxe3 {[%emt 0:00:11]} Qxe3 {[%emt 0:00:18]} 36. Nc2 {[%emt 0:00:42]} Qe4 {[%emt 0:02:53]} 37. b4 {[%emt 0:01:23]} Kc7 {[%emt 0:00:34]} 38. Qxe4 {[%emt 0:00:41]} dxe4 {[%emt 0:00:06]} 39. d5 {[%emt 0:00:16]} Bd2 {[%emt 0:02:45]} 40. Nd4 {[%emt 0:00:20]} Be1 {[%emt 0:01:30]} 41. Ne2 {[%emt 0:05:06]} Kd7 {[%emt 0:06:14]} 42. Kc2 {[%emt 0:04:14]} Ke7 {[%emt 0:00:40]} 43. Kd1 {[%emt 0:00:53]} Bf2 {[%emt 0:00:20]} 44. Kd2 {[%emt 0:00:39]} Kf7 {[%emt 0:09:24]} 45. c4 {[%emt 0:06:06]} Ke7 {[%emt 0:02:04]} 46. b5 {[%emt 0:07:18]} Kd7 {[%emt 0:02:09]} 47. Kd1 {[%emt 0:03:39]} Ke7 {[%emt 0:02:36]} 48. Kd2 {[%emt 0:00:56]} Kd7 {[%emt 0:00:06]} 49. Kd1 {[%emt 0:01:29]} 1/2-1/2

[Event "CZE-ch 2020"]
[Site "Pilsen"]
[Date "2020.08.24"]
[Round "2.29"]
[White "Eret, Jonas"]
[Black "Koubova, Anna Marie"]
[Result "1/2-1/2"]
[WhiteElo "2219"]
[BlackElo "2099"]
[Annotator "ChessBase"]
[PlyCount "93"]
[EventDate "2020.08.23"]
[EventType "swiss"]
[EventCountry "CZE"]
[SourceTitle "playchess.com"]
[Source "ChessBase"]
[SourceQuality "1"]
[TimeControl "40/5400+30:1800+30"]

1. d4 {[%emt 0:00:00]} Nf6 {[%emt 0:00:00]} 2. Nf3 {[%emt 0:00:19]} e6 {[%emt 0:00:06]} 3. c3 {[%emt 0:01:44]} d5 {[%emt 0:00:44]} 4. Bf4 {[%emt 0:00:59]} Bd6 {[%emt 0:00:24]} 5. Bg3 {[%emt 0:04:10]} O-O {[%emt 0:00:36]} 6. Nbd2 {[%emt 0:00:43]} c5 {[%emt 0:01:11]} 7. e3 {[%emt 0:01:43]} Qc7 {[%emt 0:02:04]} 8. dxc5 {[%emt 0:01:47]} Qxc5 {[%emt 0:01:09]} 9. Rc1 {[%emt 0:01:28]} Bxg3 {[%emt 0:03:18]} 10. hxg3 {[%emt 0:00:06]} Nc6 {[%emt 0:04:28]} 11. b4 {[%emt 0:12:00]} Qd6 {[%emt 0:08:45]} 12. b5 {[%emt 0:06:22]} Ne5 {[%emt 0:05:04]} 13. Nxe5 {[%emt 0:01:39]} Qxe5 {[%emt 0:00:11]} 14. Bd3 {[%emt 0:00:47]} h6 {[%emt 0:02:29]} 15. Qe2 {[%emt 0:09:23]} Bd7 {[%emt 0:04:07]} 16. f4 {[%emt 0:05:00]} Qd6 {[%emt 0:02:03]} 17. g4 {[%emt 0:01:45]} e5 {[%emt 0:02:32]} 18. g5 {[%emt 0:00:34]} Bg4 {[%emt 0:00:35]} 19. Qf2 {[%emt 0:03:05]} exf4 {[%emt 0:01:56]} 20. Qxf4 {[%emt 0:02:50]} Qxf4 {[%emt 0:02:09]} 21. exf4 {[%emt 0:00:04]} hxg5 {[%emt 0:30:37]} 22. fxg5 {[%emt 0:00:08]} Rae8+ {[%emt 0:00:09]} 23. Kf2 {[%emt 0:02:09]} Ne4+ {[%emt 0:00:06]} 24. Bxe4 {[%emt 0:00:51]} dxe4 {[%emt 0:00:05]} 25. Kg3 {[%emt 0:07:24]} e3 {[%emt 0:11:01]} 26. Nc4 {[%emt 0:03:33]} Be2 {[%emt 0:03:58]} 27. Rh4 {[%emt 0:08:56]} f5 {[%emt 0:02:53]} 28. Nd6 {[%emt 0:00:44]} Re5 {[%emt 0:09:56]} 29. Rf4 {[%emt 0:02:04]} Rd5 {[%emt 0:01:06]} 30. Re1 {[%emt 0:04:40]} Rxd6 {[%emt 0:00:37]} 31. Rxe2 {[%emt 0:00:05]} Rd3 {[%emt 0:00:35]} 32. Kf3 {[%emt 0:04:16]} Rxc3 {[%emt 0:00:24]} 33. Rxe3 {[%emt 0:00:20]} Rc5 {[%emt 0:00:38]} 34. a4 {[%emt 0:00:29]} a6 {[%emt 0:00:19]} 35. bxa6 {[%emt 0:01:19]} bxa6 {[%emt 0:00:05]} 36. Re6 {[%emt 0:00:13]} a5 {[%emt 0:00:47]} 37. Rd4 {[%emt 0:02:10]} f4 {[%emt 0:00:29]} 38. g6 {[%emt 0:03:19]} Rc3+ {[%emt 0:00:18]} 39. Kf2 {[%emt 0:00:55]} f3 {[%emt 0:00:44]} 40. gxf3 {[%emt 0:01:24]} Rcxf3+ {[%emt 0:00:35]} 41. Ke2 {[%emt 0:30:08]} R3f6 {[%emt 0:03:20]} 42. Rxf6 {[%emt 0:00:00]} gxf6 {[%emt 0:03:22]} 43. Rd7 {[%emt 0:00:00]} Rb8 {[%emt 0:00:47]} 44. Ra7 {[%emt 0:00:00]} Rb4 {[%emt 0:04:16]} 45. Rxa5 {[%emt 0:00:00]} Kg7 {[%emt 0:00:05]} 46. Ra8 {[%emt 0:00:00]} Kxg6 {[%emt 0:00:29]} 47. Kf3 {[%emt 0:00:00]} 1/2-1/2

[Event "CZE-ch 2020"]
[Site "Pilsen"]
[Date "2020.08.24"]
[Round "2.30"]
[White "Malinovsky, Petr"]
[Black "Frank, Adam"]
[Result "1/2-1/2"]
[WhiteElo "2081"]
[BlackElo "2219"]
[Annotator "TA"]
[PlyCount "122"]
[EventDate "2020.08.23"]
[EventType "swiss"]
[EventCountry "CZE"]
[SourceTitle "playchess.com"]
[Source "ChessBase"]
[SourceQuality "1"]

{[%evp 12,122,55,30,35,24,43,16,31,21,22,14,23,21,45,9,48,53,96,35,79,32,37,57,66,-4,0,-2,-3,-9,-7,-1,0,-46,-34,-32,-25,-55,-43,-77,-77,-83,-84,-99,-86,-112,-100,-186,-161,-168,-179,-150,-57,-35,0,0,0,0,113,107,124,121,179,149,137,124,121,8,181,187,200,143,129,61,116,93,74,54,175,162,154,134,434,434,433,426,419,411,214,214,214,91,91,91,91,91,91,61,61,61,61,61,61,0,0,0,0,0,0,0,0,0,0]} 1. d4 Nf6 2. c4 g6 3. f3 d6 4. e4 Nbd7 5. Nc3 Bg7 6. Be3 O-O 7. Nge2 a6 {E81: King's Indian: Sämisch: 6th move deviations (including 6 Be3 c6).} 8. Ng3 c5 9. Be2 h5 10. O-O {[#]} cxd4 $146 ({Predecessor:} 10... Qc7 11. d5 e6 12. a4 exd5 13. cxd5 Ne5 14. Qd2 Nh7 15. Rac1 h4 16. Nh1 Qe7 {½-½ (52) Nazarenus,M (2248)-Onabogun,K (1978) Caleta 2013}) 11. Bxd4 Ne5 12. Qd2 Bd7 13. Rad1 Rc8 14. b3 $1 Kh7 15. Nh1 (15. f4 $16 Nc6 16. Bxf6 Bxf6 17. e5 $1 {[%mdl 512]}) 15... Bh6 16. Be3 Bxe3+ 17. Qxe3 Qa5 18. Qd2 (18. Nf2 $14) 18... Qc5+ $11 19. Nf2 b5 {[%cal Rb5c4]} 20. Nd5 Nxd5 21. cxd5 Qc2 22. Bd3 (22. Qe1 {seems wilder.} Qxa2 23. f4 Ng4 24. Nxg4 Bxg4 25. Bxg4 hxg4 26. Qg3) 22... Qxd2 23. Rxd2 Rc3 24. Rfd1 Rfc8 25. h3 g5 26. Kf1 Kg7 27. Ke2 Kf6 28. g3 a5 29. f4 (29. h4 $17) 29... gxf4 $19 30. gxf4 Nxd3 31. Rxd3 Rxd3 (31... b4 $17 32. Ke3 Bb5 33. Rxc3 Rxc3+ 34. Kd4 Rf3) 32. Kxd3 {[%mdl 4096] Endgame KRB-KRN} b4 33. Rg1 Rc3+ 34. Kd2 Bxh3 (34... e5 $11 35. dxe6 Kxe6) 35. Rg5 $1 $16 {e5+ would kill now.} e5 ({And not} 35... Rf3 36. e5+ dxe5 37. Ne4#) 36. Rxh5 Bd7 (36... Bc8 $16) 37. fxe5+ dxe5 38. Nd3 Bg4 39. Rh6+ (39. Rh1 $16) 39... Kg7 $2 {[#]} (39... Kg5 $11 40. Rc6 Rxc6 41. dxc6 Kf6) 40. Ra6 $1 $18 Bf3 41. Rxa5 {aiming for d6.} Bxe4 42. Nxb4 (42. Nxe5 $16 {Strongly threatening d6.} f6 43. Nc6) 42... Rc7 (42... Rh3 $1 $14) 43. Ke3 f5 44. Nc6 (44. d6 {looks sharper.} Rd7 45. Rxe5 Rxd6 46. Rb5 Rd1 47. a4) 44... Bxd5 (44... Kf6 $14) 45. Rxd5 ({Don't do} 45. Nxe5 $6 Bxb3 46. axb3 Rc3+ 47. Kf4 Rxb3 $14) 45... Rxc6 46. Rxe5 $14 {KR-KR} Kf6 $2 {[%mdl 8192]} (46... Kg6 $16 47. b4 Kf6) 47. Kf4 $18 Ra6 48. Rxf5+ Ke6 49. Re5+ Kd6 {[#]} 50. Re2 $1 {[%cal Re2c2]} Kc5 51. a4 (51. Ke3 $18 {and White stays clearly on top.}) 51... Kb4 $16 52. Re3 Ra8 53. Kf3 Rh8 54. Ke2 Rh2+ 55. Kd1 Rg2 56. Rd3 Rh2 57. Rd2 ({Better is} 57. Kc1 $14) 57... Rh3 $11 {The position is equal.} 58. Kc2 {Threatens to win with Rd4+.} Rc3+ 59. Kd1 Rxb3 60. Rd4+ Ka5 61. Kc2 Rb4 {Never resign too early! Accuracy: White = 57%, Black = 68%.} 1/2-1/2